[Event "Rated Blitz tournament FManxLJM"]
[Site "?"]
[Date "2021.03.07"]
[Round "?"]
[White "renatofrombrazil"]
[Black "jsequera"]
[Result "0-1"]
[WhiteElo "2251"]
[BlackElo "2434"]
[PlyCount "56"]
[EventDate "2021.??.??"]
[EventType "blitz"]

1. e4 e5 2. Nf3 d5 3. d4 dxe4 4. Nxe5 Bd6 5. f4 Nc6 6. Bc4 Bxe5 7. dxe5 Qxd1+
8. Kxd1 Bg4+ 9. Be2 O-O-O+ 10. Bd2 Bxe2+ 11. Kxe2 Nd4+ 12. Kd1 e3 13. Bxe3 Nb3+
14. Ke2 Nxa1 15. Na3 Nxc2 16. Nxc2 Ne7 17. Rc1 Nc6 18. Nb4 Nxb4 19. a3 Nc6 20.
b4 a6 21. Rc4 Rd5 22. a4 Re8 23. g4 f6 24. exf6 gxf6 25. h4 Rd4 26. Rc5 Rde4
27. Rc3 Nxb4 28. Kf3 Nd5 {Normal} 0-1

[Event "Rated Blitz tournament HXrhrKRn"]
[Site "?"]
[Date "2021.03.07"]
[Round "?"]
[White "FriedrichList"]
[Black "Turkmentiger2020"]
[Result "1-0"]
[WhiteElo "2325"]
[BlackElo "2582"]
[PlyCount "39"]
[EventDate "2021.??.??"]
[EventType "blitz"]

1. e4 e5 2. Nf3 d5 3. d4 dxe4 4. Nxe5 Nf6 5. Bc4 Be6 6. Bxe6 fxe6 7. O-O Bd6 8.
Nc3 O-O 9. Bg5 h6 10. Bxf6 Qxf6 11. Nxe4 Qf4 12. Nxd6 cxd6 13. Ng6 Qf5 14. Nxf8
Kxf8 15. Re1 Nc6 16. Re3 Kg8 17. c3 Re8 18. Qb3 Re7 19. Rae1 Kf7 20. Rf3 {
Normal} 1-0

[Event "Rated Blitz tournament PSy8IwZU"]
[Site "?"]
[Date "2021.03.07"]
[Round "?"]
[White "Muhammad_Al-Fatih"]
[Black "Samuel-BKD"]
[Result "1-0"]
[WhiteElo "2419"]
[BlackElo "2210"]
[PlyCount "131"]
[EventDate "2021.??.??"]
[EventType "blitz"]

1. e4 e5 2. Nf3 d5 3. d4 dxe4 4. Nxe5 Bd6 5. Bc4 Bxe5 6. dxe5 Qxd1+ 7. Kxd1 Nc6
8. Nc3 Bg4+ 9. Be2 O-O-O+ 10. Ke1 Bxe2 11. Nxe2 Nxe5 12. Bf4 Ng6 13. Be3 f5 14.
Nc3 f4 15. Bd2 Nf6 16. Ke2 Rhe8 17. Rad1 b6 18. Rhe1 Rd7 19. Bc1 Rde7 20. Kf1
h5 21. h3 Kb7 22. Nb5 a6 23. Nd4 Re5 24. c4 c5 25. Ne2 f3 26. Nc3 fxg2+ 27.
Kxg2 Nh4+ 28. Kg3 Nf3 29. Re2 g5 30. Nxe4 Nxe4+ 31. Kxf3 g4+ 32. hxg4 hxg4+ 33.
Kg2 Nf6 34. Rxe5 Rxe5 35. Bf4 Re4 36. Bg5 Ne8 37. b3 Nc7 38. Kg3 Kc6 39. Bf4
Ne6 40. Be3 Nd4 41. Bxd4 Rxd4 42. Rxd4 cxd4 43. Kxg4 Kc5 44. Kf3 b5 45. cxb5
axb5 46. Ke2 Kd5 47. Kd3 b4 48. f4 Kc5 49. f5 Kd5 50. f6 Ke6 51. Kxd4 Kxf6 52.
Kc4 Ke7 53. Kxb4 Kd7 54. Kb5 Kc7 55. a4 Kb8 56. a5 Ka8 57. a6 Kb8 58. Kb6 Ka8
59. b4 Kb8 60. b5 Ka8 61. Kc6 Kb8 62. b6 Ka8 63. b7+ Kb8 64. Kd7 Ka7 65. Kc7
Kxa6 66. b8=Q {Normal} 1-0

[Event "Rated Blitz game"]
[Site "?"]
[Date "2021.03.07"]
[Round "?"]
[White "Shortbreath"]
[Black "DarthZannah"]
[Result "0-1"]
[WhiteElo "2430"]
[BlackElo "2525"]
[PlyCount "28"]
[EventDate "2021.??.??"]
[EventType "blitz"]

1. e4 e5 2. Nf3 d5 3. d4 dxe4 4. Nxe5 Nd7 5. Nxd7 Bxd7 6. Bc4 Bd6 7. Nc3 Nf6 8.
Bg5 O-O 9. Qd2 h6 10. Bh4 c6 11. O-O-O b5 12. Nxe4 Nxe4 13. Bxd8 Nxd2 14. Rxd2
Raxd8 {Normal} 0-1

[Event "Rated Blitz game"]
[Site "?"]
[Date "2021.03.07"]
[Round "?"]
[White "annaly1979"]
[Black "blastol"]
[Result "0-1"]
[WhiteElo "2394"]
[BlackElo "2401"]
[PlyCount "92"]
[EventDate "2021.??.??"]
[EventType "blitz"]

1. e4 e5 2. Nf3 d5 3. Nc3 dxe4 4. Nxe4 f5 5. Nxe5 Qd4 6. Qh5+ g6 7. Nxg6 Qxe4+
8. Be2 Nf6 9. Qg5 Rg8 10. Qxf6 Rxg6 11. Qc3 Re6 12. Qd3 Qxd3 13. cxd3 Nc6 14.
Kd1 Bc5 15. f4 Nd4 16. Bh5+ Kf8 17. b3 Rh6 18. Be2 Bd7 19. Bb2 Bc6 20. Rc1 Bb6
21. Rc4 Nxe2 22. Kxe2 Bxg2 23. Re1 Re8+ 24. Be5 Rxh2 25. Kd1 Bd5 26. Rc2 Kf7
27. d4 Be4 28. Rb2 Rd8 29. d5 Bxd5 30. d3 Rxb2 31. Bxb2 Ba5 32. Re5 Bf3+ 33.
Kc1 Rxd3 34. Rxf5+ Kg6 35. Rg5+ Kf7 36. Rg7+ Ke6 37. Be5 Bb4 38. Kc2 Rd2+ 39.
Kc1 Rg2 40. Rxg2 Bxg2 41. Bxc7 Ba3+ 42. Kd2 Be4 43. Ke3 Kf5 44. Bb8 Bc1+ 45.
Ke2 Bxf4 46. Bxa7 Be5 {Time forfeit} 0-1

[Event "Rated Blitz tournament XcSk8W2W"]
[Site "?"]
[Date "2021.03.07"]
[Round "?"]
[White "Hombergpatzer"]
[Black "Schachelite"]
[Result "0-1"]
[WhiteElo "2333"]
[BlackElo "2448"]
[PlyCount "80"]
[EventDate "2021.??.??"]
[EventType "blitz"]

1. e4 e5 2. Nf3 d5 3. exd5 e4 4. Qe2 Nf6 5. Nc3 Be7 6. Nxe4 O-O 7. d3 Re8 8.
Be3 Nxd5 9. O-O-O f5 10. Ned2 Nc6 11. g3 Ncb4 12. Kb1 Bf6 13. d4 f4 14. gxf4
Bf5 15. Rc1 Kh8 16. Ne5 Nxc2 17. Nf7+ Kg8 18. Nxd8 Nxd4+ 19. Ka1 Nxe2 20. Bxe2
Raxd8 21. Bc4 c6 22. Nb3 Kh8 23. Bxd5 Rxd5 24. Rhd1 Red8 25. Rxd5 Rxd5 26. a3
Kg8 27. Re1 Kf7 28. Bxa7 Rd3 29. Nc5 Rh3 30. Ne4 Bxe4 31. Rxe4 Rxh2 32. Be3 h5
33. Rb4 b5 34. a4 bxa4 35. Rxa4 h4 36. Rc4 h3 37. f5 Rh1+ 38. Ka2 h2 39. Rd4
Bxd4 40. Bxd4 Rd1 {Normal} 0-1

[Event "Rated Blitz game"]
[Site "?"]
[Date "2021.03.07"]
[Round "?"]
[White "sack11"]
[Black "geptil"]
[Result "1-0"]
[WhiteElo "2434"]
[BlackElo "2367"]
[PlyCount "23"]
[EventDate "2021.??.??"]
[EventType "blitz"]

1. e4 e5 2. Nf3 d5 3. d4 dxe4 4. Nxe5 Bd6 5. Nc4 Nf6 6. Bg5 O-O 7. Nc3 Be7 8.
Qd2 Nc6 9. O-O-O Bg4 10. Be2 Bxe2 11. Qxe2 Qd5 12. Nxd5 {Normal} 1-0

[Event "Rated Blitz game"]
[Site "?"]
[Date "2021.03.07"]
[Round "?"]
[White "hbones"]
[Black "pasha1984"]
[Result "1/2-1/2"]
[WhiteElo "2363"]
[BlackElo "2429"]
[PlyCount "113"]
[EventDate "2021.??.??"]
[EventType "blitz"]

1. e4 e5 2. Nf3 d5 3. Nxe5 dxe4 4. d4 Bd6 5. Nc3 Bxe5 6. dxe5 Qxd1+ 7. Kxd1 Bf5
8. Nd5 Kd7 9. Ne3 Bg6 10. b3 Nc6 11. Bb2 Rd8 12. Ke1 Nge7 13. Rd1+ Kc8 14. g3
Bh5 15. g4 Rxd1+ 16. Kxd1 Bg6 17. Bg2 h5 18. h3 Rd8+ 19. Kc1 Nd4 20. Bxd4 Rxd4
21. Rd1 c5 22. c3 Rxd1+ 23. Kxd1 hxg4 24. hxg4 Kd7 25. Ke2 Ke6 26. Nc4 b5 27.
Nd6 a6 28. Nxe4 Bxe4 29. Bxe4 Kxe5 30. Bb7 a5 31. Ke3 g5 32. f3 b4 33. cxb4
axb4 34. Kd3 Ng6 35. Kc4 Kd6 36. Be4 Ne5+ 37. Kb5 Nd7 38. Bc6 Nf8 39. Be4 Ne6
40. Kc4 Nd4 41. Bd5 f6 42. Be4 Ne2 43. Kb5 Nc3+ 44. Kc4 Nxa2 45. Bf5 Nc3 46.
Bg6 Nd5 47. Be4 Ne3+ 48. Kd3 Nd5 49. Kc4 Nc7 50. Bg6 Ne6 51. Be4 Nd4 52. Bd3
Ne6 53. Be4 Nf4 54. Ba8 Ng2 55. Be4 Ne3+ 56. Kd3 Nd5 57. Kc4 {Normal} 1/2-1/2

[Event "Rated Blitz game"]
[Site "?"]
[Date "2021.03.07"]
[Round "?"]
[White "Rejans"]
[Black "Lasker-on-speed"]
[Result "1-0"]
[WhiteElo "2435"]
[BlackElo "2271"]
[PlyCount "57"]
[EventDate "2021.??.??"]
[EventType "blitz"]

1. e4 e5 2. Nf3 d5 3. Nxe5 Bd6 4. d4 dxe4 5. Nc4 Nf6 6. Bg5 h6 7. Bh4 O-O 8.
Nc3 Re8 9. Be2 Nc6 10. d5 Nb4 11. a3 g5 12. axb4 gxh4 13. Nxd6 Qxd6 14. Qd4 b6
15. Nb5 Qe7 16. Rxa7 Rxa7 17. Nxa7 Bb7 18. Nc6 Bxc6 19. dxc6 Rd8 20. Qc4 Qe5
21. c3 Nd5 22. O-O Nf4 23. Re1 Rd6 24. Bf1 Re6 25. Qd4 Qf5 26. b5 Qg6 27. Qe3
Nd3 28. Re2 Ne5 29. Kh1 {Time forfeit} 1-0

[Event "Rated Blitz game"]
[Site "?"]
[Date "2021.03.07"]
[Round "?"]
[White "Urquharts"]
[Black "annaly1979"]
[Result "1-0"]
[WhiteElo "2419"]
[BlackElo "2400"]
[PlyCount "55"]
[EventDate "2021.??.??"]
[EventType "blitz"]

1. e4 e5 2. Nf3 d5 3. Nxe5 Qe7 4. d4 Nf6 5. exd5 Nxd5 6. Be2 Nd7 7. O-O Nxe5 8.
dxe5 Be6 9. c4 Nb6 10. b3 Qh4 11. Bf3 c6 12. g3 Qh3 13. Nd2 Be7 14. Ne4 O-O 15.
Bg5 Rad8 16. Qc1 Bxg5 17. Qxg5 h6 18. Qf4 Nd7 19. Rfd1 g5 20. Nxg5 hxg5 21.
Qxg5+ Kh8 22. Rd4 Qh7 23. Rh4 Qxh4 24. Qxh4+ Kg7 25. Qg5+ Kh8 26. Be4 f6 27.
Qh6+ Kg8 28. Qh7# {Normal} 1-0

[Event "Rated Blitz tournament Oz7HaZRR"]
[Site "?"]
[Date "2021.03.07"]
[Round "?"]
[White "Zhigalko_Andrey"]
[Black "geptil"]
[Result "1-0"]
[WhiteElo "2608"]
[BlackElo "2396"]
[PlyCount "101"]
[EventDate "2021.??.??"]
[EventType "blitz"]

1. e4 e5 2. Nf3 d5 3. exd5 e4 4. Qe2 Nf6 5. d3 Qxd5 6. Nbd2 Nc6 7. dxe4 Qh5 8.
Qb5 Bc5 9. Nb3 Nxe4 10. Be3 Bb4+ 11. c3 Qxb5 12. Bxb5 Bd6 13. Na5 a6 14. Bxc6+
bxc6 15. O-O-O Bd7 16. Rhe1 O-O-O 17. Bd4 Nf6 18. Ne5 Bxe5 19. Rxe5 Nd5 20. Rg5
Rhg8 21. Nb3 f6 22. Rg3 Nf4 23. Rd2 Rde8 24. Be3 Nd5 25. Nc5 Bf5 26. c4 Nb4 27.
a3 Na2+ 28. Kd1 Rd8 29. Bd4 Rge8 30. b4 Nc1 31. Kxc1 Re1+ 32. Kb2 Rb1+ 33. Ka2
Rc1 34. Rxg7 Rxc4 35. Nb3 Be6 36. Kb2 c5 37. Be3 Rxd2+ 38. Nxd2 Re4 39. Bxc5
Re2 40. Kc3 Bd5 41. Nf3 Be4 42. Re7 f5 43. Kd4 Ra2 44. Ke5 Kb7 45. Ng5 Kc6 46.
Ne6 Bd5 47. Rxc7+ Kb5 48. Nd4+ Kc4 49. Bd6+ Kd3 50. Kxd5 Rxa3 51. b5 {Time
forfeit} 1-0

[Event "Rated Blitz tournament HAwwTvSd"]
[Site "?"]
[Date "2021.03.07"]
[Round "?"]
[White "fkw007"]
[Black "DarthZannah"]
[Result "1-0"]
[WhiteElo "2321"]
[BlackElo "2538"]
[PlyCount "97"]
[EventDate "2021.??.??"]
[EventType "blitz"]

1. e4 e5 2. Nf3 d5 3. Nxe5 dxe4 4. Nc3 Qd4 5. Nc4 Nf6 6. Be2 Be7 7. O-O O-O 8.
d3 exd3 9. Qxd3 Qxd3 10. Bxd3 Be6 11. Bf4 c6 12. Rfe1 Nbd7 13. Rad1 Nc5 14. Bf1
Rad8 15. Bd6 Bxd6 16. Nxd6 Rd7 17. b4 Na6 18. a3 Rfd8 19. Nxb7 Rxd1 20. Rxd1
Rxd1 21. Nxd1 Nc7 22. Nd8 Bd7 23. c4 Kf8 24. Ne3 Ke7 25. Nb7 Ne4 26. f3 Nd2 27.
Nc5 Bc8 28. Bd3 Ne6 29. Nxe6 Bxe6 30. Kf2 Nb3 31. Ke1 Nd4 32. Kd2 g6 33. Kc3 c5
34. bxc5 Nc6 35. Nd5+ Kd8 36. g4 h6 37. h4 Ne7 38. Be4 Nc6 39. Nb4 Ne5 40. Kd4
Nd7 41. c6 Nb6 42. c5 Nc4 43. Bd5 Nxa3 44. Bxe6 fxe6 45. Na6 Nb5+ 46. Ke5 Ke7
47. c7 Kd7 48. c6+ Kc8 49. Kxe6 {Time forfeit} 1-0

[Event "Rated Blitz game"]
[Site "?"]
[Date "2021.03.07"]
[Round "?"]
[White "QMagico"]
[Black "Evdokimov_Michael"]
[Result "1-0"]
[WhiteElo "2403"]
[BlackElo "2269"]
[PlyCount "35"]
[EventDate "2021.??.??"]
[EventType "blitz"]

1. e4 e5 2. Nf3 d5 3. exd5 e4 4. Qe2 Nf6 5. c4 Be7 6. Nd4 O-O 7. Nc3 Re8 8. Qd1
c6 9. Be2 cxd5 10. cxd5 Nxd5 11. O-O Nxc3 12. dxc3 Bd7 13. Be3 Nc6 14. Qb3 b6
15. Rfd1 Qc7 16. Nb5 Qe5 17. Rxd7 Na5 18. Qd5 {Normal} 1-0

[Event "Rated Blitz tournament XcSk8W2W"]
[Site "?"]
[Date "2021.03.07"]
[Round "?"]
[White "Holyheinz"]
[Black "Schachelite"]
[Result "0-1"]
[WhiteElo "2394"]
[BlackElo "2414"]
[PlyCount "66"]
[EventDate "2021.??.??"]
[EventType "blitz"]

1. e4 e5 2. Nf3 d5 3. exd5 e4 4. Qe2 Nf6 5. Nc3 Be7 6. Nxe4 O-O 7. d3 Re8 8.
Be3 Nxd5 9. O-O-O f5 10. Qe1 Bb4 11. c3 Ba5 12. Qd2 Nxe3 13. Qxe3 fxe4 14. dxe4
Qe7 15. Bc4+ Be6 16. Qd3 Nc6 17. Rhe1 Bb6 18. Bd5 Rad8 19. Qb5 Bxf2 20. Rf1
Be3+ 21. Kb1 a6 22. Qb3 Kh8 23. Rfe1 Bf2 24. Rf1 Bb6 25. Qc2 Bxd5 26. exd5 Ne5
27. Rfe1 Qf6 28. Qe4 Nd7 29. Qxe8+ Rxe8 30. Rxe8+ Nf8 31. Ne5 Bc5 32. Re1 Kg8
33. Nd7 Qf5+ {Time forfeit} 0-1

[Event "Rated Blitz game"]
[Site "?"]
[Date "2021.03.07"]
[Round "?"]
[White "hbones"]
[Black "pasha1984"]
[Result "1-0"]
[WhiteElo "2364"]
[BlackElo "2428"]
[PlyCount "57"]
[EventDate "2021.??.??"]
[EventType "blitz"]

1. e4 e5 2. Nf3 d5 3. Nxe5 dxe4 4. d4 Bd6 5. Nc4 Nc6 6. Nc3 Bb4 7. Be3 Nf6 8.
a3 Bxc3+ 9. bxc3 Nd5 10. Bd2 O-O 11. Ne3 Nce7 12. Bc4 Be6 13. Bb3 c6 14. O-O
Kh8 15. f3 Nxe3 16. Bxe3 Bxb3 17. cxb3 f5 18. fxe4 fxe4 19. Qg4 Qd5 20. c4 Qd6
21. Qxe4 Rxf1+ 22. Rxf1 Qxa3 23. d5 cxd5 24. cxd5 Ng6 25. Bd4 Qxb3 26. h3 Qb5
27. Rf7 Rg8 28. h4 Qb1+ 29. Qxb1 {Normal} 1-0

[Event "Rated Blitz tournament o0gg3wnT"]
[Site "?"]
[Date "2021.03.07"]
[Round "?"]
[White "Saparmyrat"]
[Black "CaroyinixDiscomix"]
[Result "1-0"]
[WhiteElo "2616"]
[BlackElo "2378"]
[PlyCount "25"]
[EventDate "2021.??.??"]
[EventType "blitz"]

1. e4 e5 2. Nf3 d5 3. Nxe5 Bd6 4. d4 dxe4 5. Nc3 Bxe5 6. dxe5 Qxd1+ 7. Nxd1 Nc6
8. Nc3 Bf5 9. Bb5 Nge7 10. Bg5 h6 11. Bxe7 Kxe7 12. Nd5+ Kd8 13. O-O-O {Normal}
1-0

[Event "Rated Blitz tournament dxm9X2Nb"]
[Site "?"]
[Date "2021.03.07"]
[Round "?"]
[White "lololita"]
[Black "dr_xStranger"]
[Result "0-1"]
[WhiteElo "2208"]
[BlackElo "2504"]
[PlyCount "36"]
[EventDate "2021.??.??"]
[EventType "blitz"]

1. e4 e5 2. Nf3 d5 3. exd5 e4 4. Ne5 Bd6 5. d4 Nf6 6. Nc3 O-O 7. Bg5 Re8 8. Bc4
Bxe5 9. dxe5 Rxe5 10. Bxf6 Qxf6 11. O-O Nd7 12. f4 exf3 13. Rxf3 Qb6+ 14. Kh1
Nf6 15. Bb3 Bg4 16. Na4 Qd6 17. Rxf6 Bxd1 18. Rxd6 Re1# {Normal} 0-1

[Event "Rated Blitz game"]
[Site "?"]
[Date "2021.03.07"]
[Round "?"]
[White "Josipan_81"]
[Black "linux_user"]
[Result "1-0"]
[WhiteElo "2436"]
[BlackElo "2407"]
[PlyCount "35"]
[EventDate "2021.??.??"]
[EventType "blitz"]

1. e4 e5 2. Nf3 d5 3. exd5 e4 4. Qe2 Qxd5 5. d3 Nf6 6. Nbd2 Bf5 7. Nh4 Bg4 8.
f3 Bh5 9. g4 Bg6 10. Nxe4 Nxe4 11. fxe4 Qd4 12. Nf3 Qb6 13. Bg2 Nc6 14. c3
O-O-O 15. Be3 Bc5 16. d4 Be7 17. d5 Qa5 18. dxc6 {Normal} 1-0

[Event "Rated Blitz tournament euDkqVWI"]
[Site "?"]
[Date "2021.03.07"]
[Round "?"]
[White "gameoverbro"]
[Black "Mewii2021"]
[Result "1-0"]
[WhiteElo "2453"]
[BlackElo "2362"]
[PlyCount "43"]
[EventDate "2021.??.??"]
[EventType "blitz"]

1. e4 e5 2. Nf3 d5 3. exd5 e4 4. Qe2 Be7 5. Qxe4 Nf6 6. Qe2 O-O 7. Qd1 Nxd5 8.
d3 c5 9. Be2 Nc6 10. O-O Bf6 11. c3 Re8 12. Re1 Bf5 13. h3 Qd7 14. Bf1 Rad8 15.
Nbd2 Nf4 16. Rxe8+ Rxe8 17. Nb3 Nxd3 18. Bxd3 Bxd3 19. Nxc5 Qd6 20. Nxd3 Rd8
21. Nfe1 Ne5 22. Bf4 {Normal} 1-0

[Event "Rated Blitz tournament lRPqzcAd"]
[Site "?"]
[Date "2021.03.07"]
[Round "?"]
[White "yantares"]
[Black "viewer94"]
[Result "0-1"]
[WhiteElo "2255"]
[BlackElo "2413"]
[PlyCount "108"]
[EventDate "2021.??.??"]
[EventType "blitz"]

1. e4 e5 2. Nf3 d5 3. Nxe5 Bd6 4. d4 Nf6 5. exd5 O-O 6. Be2 Nxd5 7. O-O c5 8.
Nc4 Bc7 9. dxc5 Nc6 10. Nd6 Qh4 11. Qxd5 Be6 12. Qe4 Qf6 13. Bd3 g6 14. Bd2
Rad8 15. Bc3 Qg5 16. Nd2 Qxc5 17. N6c4 Qh5 18. g3 Rfe8 19. Qf3 Qxf3 20. Nxf3
Bd5 21. Nfd2 b5 22. Ne3 b4 23. Nxd5 Rxd5 24. Bf6 Rd6 25. Bg5 Rd5 26. Be3 Ne5
27. Rfe1 Kf8 28. Nc4 Ng4 29. Bh6+ Nxh6 30. Rxe8+ Kxe8 31. Re1+ Kd8 32. b3 Ng4
33. h3 Nf6 34. Ne3 Re5 35. Kf1 Bb6 36. Nc4 Rxe1+ 37. Kxe1 Bd4 38. Ke2 Bc3 39.
f4 Nh5 40. Kf3 Ke7 41. g4 Nf6 42. Na5 Kd6 43. Nc4+ Kc5 44. Ne5 Bxe5 45. fxe5
Nd7 46. Bc4 Nxe5+ 47. Ke4 Nxc4 48. bxc4 Kxc4 49. Ke5 Kc3 50. Kf6 Kxc2 51. Kxf7
Kb2 52. Kg7 Kxa2 53. Kxh7 b3 54. Kxg6 b2 {Normal} 0-1

[Event "Rated Blitz game"]
[Site "?"]
[Date "2021.03.07"]
[Round "?"]
[White "SardarMelli"]
[Black "blastol"]
[Result "0-1"]
[WhiteElo "2307"]
[BlackElo "2407"]
[PlyCount "24"]
[EventDate "2021.??.??"]
[EventType "blitz"]

1. e4 e5 2. Nf3 d5 3. exd5 Bd6 4. Bb5+ c6 5. dxc6 bxc6 6. Bc4 e4 7. Qe2 Qe7 8.
Ng5 Qxg5 9. O-O Nf6 10. d3 Qg4 11. f3 Qh5 12. Nc3 Bxh2+ {Normal} 0-1

[Event "Rated Blitz game"]
[Site "?"]
[Date "2021.03.07"]
[Round "?"]
[White "YEIKOCASTELLA"]
[Black "Blind2250"]
[Result "0-1"]
[WhiteElo "2458"]
[BlackElo "2411"]
[PlyCount "72"]
[EventDate "2021.??.??"]
[EventType "blitz"]

1. e4 e5 2. Nf3 d5 3. exd5 e4 4. Ne5 Qxd5 5. d4 exd3 6. Nxd3 Nf6 7. Nc3 Qf5 8.
Nf4 Bb4 9. Bd3 Qe5+ 10. Be3 Bxc3+ 11. bxc3 Qxc3+ 12. Bd2 Qe5+ 13. Be3 O-O 14.
h3 Qc3+ 15. Kf1 Nc6 16. Rb1 Re8 17. g4 Be6 18. Nxe6 Rxe6 19. Kg2 Ne5 20. Bf5
Rd6 21. Qe2 g6 22. g5 Nd5 23. Be4 Nxe3+ 24. Qxe3 Qxe3 25. fxe3 Rd2+ 26. Kg3 Rb8
27. h4 b6 28. h5 Re8 29. Rbd1 Rxd1 30. Rxd1 gxh5 31. Bf5 Nc4 32. Rd7 Rxe3+ 33.
Kf4 Re1 34. Rxc7 Ne3 35. Bd3 h4 36. Ke5 Kg7 {Normal} 0-1

[Event "Rated Blitz game"]
[Site "?"]
[Date "2021.03.07"]
[Round "?"]
[White "RomChartres"]
[Black "Monkey_King"]
[Result "0-1"]
[WhiteElo "2541"]
[BlackElo "2525"]
[PlyCount "60"]
[EventDate "2021.??.??"]
[EventType "blitz"]

1. e4 e5 2. Nf3 d5 3. Nxe5 dxe4 4. d4 Bd6 5. Nc4 f5 6. Nc3 Nf6 7. Bg5 O-O 8.
Be2 Be6 9. Nxd6 cxd6 10. d5 Bf7 11. Qd4 Nbd7 12. O-O-O h6 13. Bxf6 Qxf6 14. Nb5
Ne5 15. f4 exf3 16. gxf3 f4 17. Nc3 Bg6 18. Rhg1 a6 19. Rg2 Rac8 20. Ne4 Bxe4
21. Qxe4 Rfe8 22. Rdg1 g5 23. h4 Nc4 24. Qxc4 Rxc4 25. Bxc4 Qd4 26. Bd3 Qe3+
27. Kd1 Qxf3+ 28. Kd2 Qe3+ 29. Kd1 f3 30. Rg3 f2 {Normal} 0-1

[Event "Rated Blitz game"]
[Site "?"]
[Date "2021.03.07"]
[Round "?"]
[White "fussi"]
[Black "batasjon"]
[Result "1-0"]
[WhiteElo "2404"]
[BlackElo "2315"]
[PlyCount "95"]
[EventDate "2021.??.??"]
[EventType "blitz"]

1. e4 e5 2. Nf3 d5 3. Nxe5 Bd6 4. d4 dxe4 5. Nd2 Nf6 6. Ndc4 O-O 7. Bg5 Be7 8.
Be2 Nc6 9. Nxc6 bxc6 10. O-O Rb8 11. b3 Bf5 12. Ne3 Bg6 13. c4 h6 14. Bh4 c5
15. dxc5 Bxc5 16. Qxd8 Rbxd8 17. Bxf6 gxf6 18. Rad1 Bd4 19. Nd5 c5 20. Rfe1 Kg7
21. Bf1 f5 22. g3 h5 23. h4 f6 24. Bh3 Rfe8 25. Kf1 Re5 26. Nf4 Bf7 27. Ke2 a5
28. Rb1 Ra8 29. Red1 Ra6 30. Bg2 Kh6 31. Bh3 Be8 32. Ng2 Bd7 33. Ne3 Kg6 34.
Nd5 Rc6 35. a3 Re8 36. b4 axb4 37. axb4 Ra8 38. Rd2 Kf7 39. b5 Rcc8 40. Nb6 Be6
41. Rc2 Rcb8 42. Nxa8 Rxa8 43. f3 Ra3 44. fxe4 Re3+ 45. Kf1 Rxe4 46. Re1 Be5
47. Rxe4 fxe4 48. Bxe6+ {Time forfeit} 1-0

[Event "Rated Blitz game"]
[Site "?"]
[Date "2021.03.07"]
[Round "?"]
[White "Beutlin1"]
[Black "BrilliantGambiteer"]
[Result "1-0"]
[WhiteElo "2412"]
[BlackElo "2310"]
[PlyCount "77"]
[EventDate "2021.??.??"]
[EventType "blitz"]

1. e4 e5 2. Nf3 d5 3. exd5 e4 4. Nd4 Qxd5 5. Nb3 Nf6 6. Nc3 Qd8 7. Bc4 Bf5 8.
O-O Bd6 9. h3 O-O 10. Re1 Re8 11. Nd4 Bg6 12. Ndb5 a6 13. Nxd6 cxd6 14. Bd5
Nxd5 15. Nxd5 Nc6 16. b3 Ne7 17. Nxe7+ Qxe7 18. c4 Qe5 19. Ba3 Rad8 20. Rc1 d5
21. d4 Qf5 22. c5 Rc8 23. Qd2 Re6 24. Rc3 Qf6 25. b4 Rec6 26. Bb2 b6 27. Ra3 b5
28. Ra5 Qe7 29. a4 Qb7 30. axb5 axb5 31. Rea1 Qb8 32. Bc1 f5 33. Qg5 Rf6 34.
Bf4 Qb7 35. Ra7 Qc6 36. Be5 Rf7 37. Rxf7 Kxf7 38. Ra7+ Ke8 39. Qe7# {Normal}
1-0

[Event "Rated Blitz game"]
[Site "?"]
[Date "2021.03.07"]
[Round "?"]
[White "Tartakower257"]
[Black "blastol"]
[Result "1-0"]
[WhiteElo "2395"]
[BlackElo "2403"]
[PlyCount "53"]
[EventDate "2021.??.??"]
[EventType "blitz"]

1. e4 e5 2. Nf3 d5 3. exd5 Bd6 4. Nc3 Nf6 5. d4 e4 6. Ng5 O-O 7. Be2 Re8 8. h4
a6 9. Bh5 g6 10. Be2 h6 11. Nh3 e3 12. Bxe3 Rxe3 13. fxe3 Bg3+ 14. Kd2 Nxd5 15.
Nxd5 Qxd5 16. Qf1 Bf5 17. Qf3 Qa5+ 18. c3 Qb6 19. b3 Bxh4 20. Bc4 Nc6 21. Nf4
Bg5 22. g4 Na5 23. Bxf7+ Kxf7 24. gxf5 gxf5 25. Qd5+ Kg7 26. Qxf5 Rf8 27. Ne6+
{Normal} 1-0

[Event "Rated Blitz game"]
[Site "?"]
[Date "2021.03.07"]
[Round "?"]
[White "jomarag"]
[Black "pasha1984"]
[Result "0-1"]
[WhiteElo "2473"]
[BlackElo "2418"]
[PlyCount "40"]
[EventDate "2021.??.??"]
[EventType "blitz"]

1. e4 e5 2. Nf3 d5 3. d4 dxe4 4. Nxe5 Bd6 5. Nc4 Nc6 6. Nc3 Bb4 7. a3 Bxc3+ 8.
bxc3 Nf6 9. Bg5 h6 10. Bh4 g5 11. Bg3 Nd5 12. Ne5 Nxe5 13. Bxe5 f6 14. Qh5+ Kf8
15. Bg3 Be6 16. c4 Bf7 17. Qg4 Nb6 18. Qxe4 Kg7 19. Be2 Re8 20. Qd3 Bxc4 {
Normal} 0-1

[Event "Rated Blitz game"]
[Site "?"]
[Date "2021.03.07"]
[Round "?"]
[White "Robertjordan2003"]
[Black "pasha1984"]
[Result "0-1"]
[WhiteElo "2432"]
[BlackElo "2419"]
[PlyCount "138"]
[EventDate "2021.??.??"]
[EventType "blitz"]

1. e4 e5 2. Nf3 d5 3. Nxe5 dxe4 4. d4 Bd6 5. Nc4 Nc6 6. Nxd6+ Qxd6 7. c3 Nge7
8. g3 Qg6 9. Bg2 Bg4 10. Qc2 f5 11. O-O O-O-O 12. Nd2 Be2 13. Re1 Bd3 14. Qb3
h5 15. Nc4 h4 16. Bf4 hxg3 17. fxg3 Qh5 18. h4 Bxc4 19. Qxc4 Nd5 20. Bg5 Rd7
21. Qe2 Qf7 22. Rf1 Qe6 23. Bh3 g6 24. Rae1 Kb8 25. g4 Nde7 26. gxf5 gxf5 27.
Qg2 Qxa2 28. Rxe4 fxe4 29. Bxd7 Qd5 30. Bxc6 Nxc6 31. Re1 Re8 32. Qg4 a5 33.
Qh5 Rg8 34. Qh7 a4 35. Qxe4 Qb3 36. d5 Na5 37. Re2 Nc4 38. Qe6 Rc8 39. h5 Qd1+
40. Kg2 Nd6 41. h6 Qd3 42. Qe3 Qg6 43. Qg3 Rg8 44. Re5 Nc4 45. h7 Qxh7 46. Re7
Qxe7 47. Bxe7 Rxg3+ 48. Kxg3 Nxb2 49. Ba3 Nc4 50. Bb4 a3 51. Bxa3 Nxa3 52. Kf4
Kc8 53. Ke4 Kd8 54. Kd3 Kd7 55. c4 Nxc4 56. Kc3 Kd6 57. Kxc4 c6 58. dxc6 Kxc6
59. Kd4 b6 60. Kc4 Kb7 61. Kb4 Ka6 62. Ka4 b5+ 63. Kb4 Kb6 64. Kb3 Ka5 65. Kc3
Ka4 66. Kb2 Kb4 67. Ka2 Kc3 68. Kb1 b4 69. Ka1 Kc2 {Time forfeit} 0-1

[Event "Rated Blitz game"]
[Site "?"]
[Date "2021.03.07"]
[Round "?"]
[White "danfii"]
[Black "pasha1984"]
[Result "1-0"]
[WhiteElo "2421"]
[BlackElo "2429"]
[PlyCount "61"]
[EventDate "2021.??.??"]
[EventType "blitz"]

1. e4 e5 2. Nf3 d5 3. Nxe5 dxe4 4. d4 Bd6 5. Nc4 Nc6 6. Nxd6+ Qxd6 7. Be2 Nxd4
8. O-O Nf6 9. Bg5 Bf5 10. c3 Nxe2+ 11. Qxe2 O-O-O 12. Na3 h6 13. Bh4 Qc5 14.
Nb5 Rd7 15. b4 Qe5 16. Bg3 Qe6 17. Nxa7+ Kb8 18. Nb5 Bg4 19. Qe3 b6 20. a4 Rd3
21. Bxc7+ Kb7 22. Qe1 Nd5 23. Bg3 f5 24. a5 f4 25. axb6 fxg3 26. Ra7+ Kxb6 27.
Qa1 gxf2+ 28. Kh1 Kc6 29. Ra6+ Nb6 30. Nd4+ Rxd4 31. cxd4 {Time forfeit} 1-0

[Event "Rated Blitz game"]
[Site "?"]
[Date "2021.03.07"]
[Round "?"]
[White "mishabmstu"]
[Black "pasha1984"]
[Result "0-1"]
[WhiteElo "2371"]
[BlackElo "2420"]
[PlyCount "102"]
[EventDate "2021.??.??"]
[EventType "blitz"]

1. e4 e5 2. Nf3 d5 3. Bc4 dxc4 4. Nxe5 Be6 5. d4 cxd3 6. Nxd3 Nc6 7. O-O Nf6 8.
Nc3 Bb4 9. Bg5 Bxc3 10. bxc3 h6 11. Bh4 g5 12. e5 gxh4 13. exf6 Qxf6 14. Rb1
O-O-O 15. Qe2 Bc4 16. Qg4+ Be6 17. Qa4 Rxd3 18. cxd3 h3 19. g3 Qf3 20. Qe4 Qxe4
21. dxe4 Bxa2 22. Rb2 Bc4 23. Re1 Re8 24. f4 a5 25. e5 a4 26. Re4 b5 27. Rb1 a3
28. Ra1 a2 29. Kf2 f5 30. Re3 Rd8 31. Ke1 Kb7 32. g4 fxg4 33. f5 Re8 34. e6 Kb6
35. Kd2 Kc5 36. Kc1 Kd6 37. Kb2 Ke7 38. Rd1 Kf6 39. Rd7 Ne5 40. Rxc7 Kxf5 41.
e7 Kf6 42. Rb7 h5 43. Rb6+ Kf5 44. Rh6 Kf4 45. Re1 Nd3+ 46. Ka1 Nxe1 47. Rf6+
Kg5 48. Rb6 Nc2+ 49. Kb2 a1=Q+ 50. Kxc2 Qa2+ 51. Kd1 Qe2+ {Normal} 0-1